A study of the secretory pathways of the human pineal gland /
Saved in:
| Main Author: | |
|---|---|
| Format: | Thesis Book |
| Language: | English |
| Published: |
1982
|
| Subjects: | |
| Tags: |
Add Tag
No Tags, Be the first to tag this record!
|
| LEADER | 00815cam a2200253 a 4500 | ||
|---|---|---|---|
| 001 | u52079 | ||
| 003 | SIRSI | ||
| 008 | 871127s1982 si v 00 eng | ||
| 015 | |a X870080874 | ||
| 035 | |a AAF-6010 | ||
| 040 | |a UMP | ||
| 096 | |a WK350 |b Kho 1982 | ||
| 100 | 1 | 0 | |a Khoo, James Chee Min |
| 245 | 1 | 2 | |a A study of the secretory pathways of the human pineal gland / |c by James Khoo Chee Min. |
| 260 | |c 1982 | ||
| 300 | |a 94 leaves : |b ill. ; |c 30 cm. | ||
| 502 | |a Dissertation (M.D.) - National University of Singapore, 1982. | ||
| 504 | |a Bibliography: leaves 89-94. | ||
| 650 | 2 | |a Pineal Body |x physiology. | |
| 650 | 2 | |a Pineal Body |x secretion. | |
| 650 | 2 | |a Melatonin |x secretion. | |
| 948 | |a 16/03/1991 |b 10/10/1995 | ||
| 596 | |a 2 | ||
| 999 | |a WK350 KHO 1982 |w LC |c 1 |i A502456935 |l STACKS |m P02MEDKL |r Y |s Y |t TESIS |u 1/10/1995 | ||
